00297nam a2200121Ia 4500008004100000082001700041100001700058245003000075250000800105260004600113300000800159650000800167191201s2009 xx 000 0 und d a519.519bSHS aSHARMA,Anand 0aStatistics for Management aRep aN.DelhibHimalaya Publication Housec2009 a489 aMBA